Score 0/50 Timer 02:00
20 Plays Today
% Correct
Rachel Green
91.7%
Phoebe Buffay
91.4%
Joey Tribbiani
90.7%
Ross Geller
90.7%
Chandler Bing
89.2%
Hermione Granger
86.4%
Albus Dumbledore
84.6%
Ron Weasley
84%
Jay-Z
83.5%
Severus Snape
82.5%
Toy Story
82.5%
Eminem
81%
Kanye West
80.7%
Snoop Dogg
79.1%
Ice Cube
78.1%
Finding Nemo
77.6%
Up
76.1%
Ratatouille
75.7%
The Incredibles
73.9%
Iron Man
71.4%
Captain America
70.6%
Peanuts
68.2%
Calvin and Hobbes
67.7%
Garfield
65.9%
Dennis the Menace
63.3%
% Correct
Human Torch
62.3%
Mr. Fantastic
59.7%
Black Widow
58.1%
Wicked
53.2%
Grease
52.2%
Frank Sinatra
47.6%
Sammy Davis Jr.
47.2%
Dean Martin
46.6%
Avenue Q
42.9%
Dean Thomas
42.7%
Beauty and the Beast
40.2%
Abbey Road
38.6%
Let It Be
38.2%
Peter Lawford
37.1%
Joey Bishop
36.9%
Beatles for Sale
35.1%
Pearls Before Swine
33.9%
Revolver
28.7%
1776
28.1%
Battlestar Galactica
27.7%
Star Trek
27.5%
Doctor Who
27.2%
Rubber Soul
27.2%
Firefly
23.3%
Orphan Black
19.6%
Remove Ads.
Support Sporcle.
Get the best of Sporcle when you Go Orange. This ad-free experience offers more features, more stats, and more fun while also helping to support Sporcle. Thank you for becoming a member.

You're not logged in!

Compare scores with friends on all Sporcle quizzes.
OR
Log In

Show Comments

Extras

Top Quizzes Today


Score Distribution

Your Account Isn't Verified!

In order to create a playlist on Sporcle, you need to verify the email address you used during registration. Go to your Sporcle Settings to finish the process.

Report this User

Report this user for behavior that violates our Community Guidelines.

Details: